Villes françaises commençant par "Tou" - Statistiques

Statistiques générales
  • Ce quiz a été pris 653 fois
  • Le résultat moyen est 5 sur 7
Statistiques - réponses
Indice Ville % Correct
54 Toul
99%
31 Toulouse
98%
83 Toulon
91%
37 Tours
85%
59 Tourcoing
72%
62 - Le .... Touquet
69%
50 Tourlaville
6%
Aucun quiz correspondant
Distribution des résultats
% des personnes avec chaque résultat
Percentile par nombre de réponses
Votre historique - résultats
Vous n’avez pas pris ce quiz